Capital Cities of Countries and Territories - Statistics

General Stats
  • This quiz has been taken 2,399 times
    1,359 since last reset
  • The average score is 158 of 241
Answer Stats
Country Answer % Correct
Jamaica | Norfolk Island Kingston
82%
England | United Kingdom London
81%
Mexico Mexico City
81%
Canada Ottawa
81%
USA Washington DC
81%
Cayman Islands George Town
80%
Guyana Georgetown
80%
Cuba Havana
80%
Germany Berlin
79%
Brazil Brasilia
79%
Norway Oslo
79%
France Paris
79%
Netherlands Amsterdam
78%
Ireland Dublin
78%
Peru Lima
78%
Spain Madrid
78%
Chile Santiago
78%
Greece Athens
77%
Guadeloupe Basse-Terre
77%
St. Kitts and Nevis Basseterre
77%
Colombia Bogota
77%
Belgium Brussels
77%
Argentina Buenos Aires
77%
Denmark Copenhagen
77%
Finland Helsinki
77%
Portugal Lisbon
77%
Panama Panama City
77%
Haiti Port-au-Prince
77%
Italy Rome
77%
Sweden Stockholm
77%
Vatican City Vatican City
77%
Poland Warsaw
77%
Switzerland Bern
76%
Hungary Budapest
76%
Venezuela Caracas
76%
Guatemala Guatemala City
76%
Israel | Palestine Jerusalem
76%
Luxembourg Luxembourg
76%
Monaco Monaco
76%
Russia Moscow
76%
Trinidad and Tobago Port-of-Spain
76%
Czech Republic Prague
76%
Costa Rica San Jose
76%
El Salvador San Salvador
76%
China Beijing
75%
Romania Bucharest
75%
Uruguay Montevideo
75%
Iceland Reykjavik
75%
Latvia Riga
75%
San Marino San Marino
75%
Dominican Republic Santo Domingo
75%
Japan Tokyo
75%
Austria Vienna
75%
Andorra Andorra la Vella
74%
Belize Belmopan
74%
Bahamas Nassau
74%
Ecuador Quito
74%
Puerto Rico San Juan
74%
South Korea Seoul
74%
Grenada St. George's
74%
Iraq Baghdad
73%
Thailand Bangkok
73%
Serbia Belgrade
73%
Slovakia Bratislava
73%
Barbados Bridgetown
73%
Egypt Cairo
73%
Pakistan Islamabad
73%
Ukraine Kiev
73%
Belarus Minsk
73%
India New Delhi
73%
Bulgaria Sofia
73%
Albania Tirana
73%
Croatia Zagreb
73%
Paraguay Asuncion
72%
Azerbaijan Baku
72%
St. Lucia Castries
72%
Syria Damascus
72%
Indonesia Jakarta
72%
Afghanistan Kabul
72%
Nicaragua Managua
72%
Cyprus Nicosia
72%
Kosovo Pristina
72%
North Korea Pyongyang
72%
Bosnia and Herzegovina Sarajevo
72%
Singapore Singapore
72%
Bolivia Sucre
72%
Liechtenstein Vaduz
72%
Lithuania Vilnius
72%
Lebanon Beirut
71%
Moldova Chisinau
71%
Qatar Doha
71%
Scotland Edinburgh
71%
Vietnam Hanoi
71%
St. Vincent and the Grenadines Kingstown
71%
Kuwait Kuwait City
71%
Phillipines Manila
71%
Suriname Paramaribo
71%
Montenegro Podgorica
71%
Saudi Arabia Riyadh
71%
Dominica Roseau
71%
Estonia Tallinn
71%
Iran Tehran
71%
United Arab Emirates Abu Dhabi
70%
Algeria Algiers
70%
Jordan Amman
70%
Hong Kong Hong Kong
70%
Nepal Kathmandu
70%
Maldives Male
70%
Greenland Nuuk
70%
Macedonia Skopje
70%
Taiwan Taipei
70%
Honduras Tegucigalpa
70%
Tunisia Tunis
70%
Kazakhstan Astana
69%
Bangladesh Dhaka
69%
Djibouti Djibouti
69%
Malaysia Kuala Lumpur
69%
Slovenia Ljubljana
69%
Oman Muscat
69%
Morocco Rabat
69%
Yemen Sana'a
69%
Mongolia Ulaanbaatar
69%
Armenia Yerevan
69%
Northern Ireland Belfast
68%
South Africa Cape Town
68%
Senegal Dakar
68%
Antigua and Barbuda St. John's
68%
Georgia Tbilisi
68%
Libya Tripoli
68%
Malta Valletta
68%
Ethiopia Addis Ababa
67%
Wales Cardiff
67%
East Timor Dili
67%
Bahrain Manama
67%
Nigeria Abuja
66%
Ghana Accra
66%
Guinea Bissau Bissau
66%
Sierra Leone Freetown
66%
Gibraltar Gibraltar
66%
South Sudan Juba
66%
Sudan Khartoum
66%
Kenya Nairobi
66%
Cambodia Phnom Penh
66%
Uzbekistan Tashkent
66%
Mali Bamako
65%
Krygyzstan Bishkek
65%
Australia Canberra
65%
Congo DR Kinshasa
65%
Togo Lome
65%
Macau Macau
65%
Somalia Mogadishu
65%
Sao Tome and Principe Sao Tome
65%
Bhutan Thimphu
65%
Laos Vientiane
65%
Turkmenistan Ashgabat
64%
Eritrea Asmara
64%
The Gambia Banjul
64%
Tajikistan Dushanbe
64%
Angola Luanda
64%
Niger Niamey
64%
Aruba Oranjestad
64%
New Zealand Wellington
64%
Curacao Willemstad
64%
Central African Republic Bangui
63%
Republic of Congo Brazzaville
63%
Liberia Monrovia
63%
Benin Porto Novo
63%
Cape Verde Islands Praia
63%
French Guiana Cayenne
62%
Madagascar Antananarivo
61%
Guinea Conakry
61%
Rwanda Kigali
61%
Burkina Faso Ouagadougou
61%
Seychelles Victoria
61%
Cameroon Yaounde
61%
Brunei Bandar Seri Begawan
60%
Tanzania Dodoma
60%
Botswana Gaborone
60%
Mozambique Maputo
60%
Sri Lanka Sri Jayawardenapura Kotte
60%
Zimbabwe Harare
59%
Uganda Kampala
59%
Gabon Libreville
59%
Zambia Lusaka
59%
Chad N'Djamena
59%
Mauritania Nouakchott
59%
Papua New Guinea Port Moresby
59%
Cote d' Ivoire (Ivory Coast) Yamoussoukro
59%
Malawi Lilongwe
58%
Equatorial Guinea Malabo
58%
Lesotho Maseru
58%
Swaziland Mbabane
58%
Mauritius Port Louis
58%
British Virgin Islands Road Town
58%
Fiji Suva
58%
Namibia Windhoek
58%
Samoa Apia
57%
Comoros Moroni
57%
US Virgin Islands Charlotte Amalie
56%
Myanmar Naypyidaw
56%
Bermuda Hamilton
55%
Vanuatu Port Vila
55%
Falkland Islands Stanley
55%
Martinique Fort-de-France
53%
Pitcairn Islands Adamstown
52%
Tuvalu Funafuti
51%
Solomon Islands Honiara
51%
Marshall Islands Majuro
51%
Palau Melekeok
51%
Tonga Nuku'alofa
51%
Montserrat Plymouth
51%
Turks and Caicos Islands Cockburn Town
50%
Federated States of Micronesia Palikir
50%
Anguilla The Valley
50%
Nauru Yaren
50%
Kiribati Tarawa
49%
Faroe Islands Torshavn
49%
Burundi Bujumbura
48%
St. Maarten Philipsburg
43%
St. Barthelemy Gustavia
42%
Zanzibar Zanzibar City
42%
American Samoa Pago Pago
41%
St. Martin Marigot
40%
Svalbard Longyearbyen
38%
New Caledonia Noumea
37%
Reunion Saint-Denis
36%
Cabinda Cabinda
35%
St. Helena Jamestown
35%
Niue Alofi
34%
Guam Hagatna
34%
Canary Islands Las Palmas
34%
Northern Mariana Islands Saipan
34%
Western Sahara Laayoune
33%
Tahiti Papeete
33%
Azores Ponta Delgada
33%
Mayotte Mamoudzou
28%
Wallis and Futuna Islands Mata-Utu
27%
Cook Islands Avarua
26%
No matching quizzes found
Score Distribution
Percent of People with Each Score
Percentile by Number Answered
Your Score History
You have not taken this quiz since the last reset